[Event "N֖ Landesliga 2015/16"]
[Site "?"]
[Date "2016.02.28"]
[Round "9.3"]
[White "Bauer, Thomas"]
[Black "Lovrinovic, Christian"]
[Result "0-1"]
[WhiteElo "2010"]
[BlackElo "2121"]
[PlyCount "84"]
[EventDate "2015.09.27"]

1. e4 c5 2. Nf3 d6 3. d4 cxd4 4. Nxd4 Nf6 5. Nc3 g6 6. Be3 Bg7 7. f3 O-O 8. Qd2
Nc6 9. Bc4 Bd7 10. Bb3 Rc8 11. g4 Na5 12. Bh6 e5 13. Nde2 Nxe4 14. Nxe4 Nxb3
15. axb3 Qh4+ 16. N2g3 Bxh6 17. Qxd6 Be6 18. c3 Bf4 19. Rxa7 Rfd8 20. Qb6 Rd3
21. Qxb7 Rcd8 22. Ra8 Bd5 23. Rxd8+ Qxd8 24. Qd7 Qxd7 25. Nf6+ Kg7 26. Nxd7
Bxf3 27. Rf1 Bxg4 28. Nb8 Rd1+ 29. Kf2 Rd2+ 30. Ke1 Rxh2 31. Rxf4 exf4 32. Nf1
Re2+ 33. Kd1 Re8+ 34. Kc2 Rxb8 35. b4 g5 36. Kd3 Bf5+ 37. Kd4 Bh3 38. Nh2 g4
39. Kc5 f3 40. Kc6 f2 41. Kc7 Rb5 42. Kc6 f1=Q 0-1

[Event "N֖ Landesliga 2015/16"]
[Site "?"]
[Date "2016.02.28"]
[Round "9.3"]
[White "Danner, Lambert"]
[Black "Plasil, Jiri"]
[Result "1/2-1/2"]
[WhiteElo "2110"]
[BlackElo "2118"]
[PlyCount "81"]
[EventDate "2015.09.27"]

1. g3 d5 2. c4 e6 3. Bg2 c6 4. Nf3 f5 5. O-O Nf6 6. d3 Bd6 7. Nbd2 O-O 8. Qc2
f4 9. d4 Qe8 10. Ne5 fxg3 11. fxg3 Nbd7 12. Nxd7 Bxd7 13. e4 Ng4 14. Nf3 dxe4
15. Qxe4 e5 16. c5 Bc7 17. dxe5 Nxe5 18. Nxe5 Rxf1+ 19. Bxf1 Bxe5 20. Bc4+ Kh8
21. a4 Bf6 22. Qe3 Qh5 23. Qf2 Qd1+ 24. Kg2 Qg4 25. Qf4 Bd4 26. Qxg4 Bxg4 27.
Bf4 Bxc5 28. h3 Bf5 29. Re1 Bb4 30. Re5 Bg6 31. Re2 Re8 32. Be5 Rf8 33. Bd4 b6
34. a5 bxa5 35. Bxa7 h6 36. Bd4 Bf7 37. Bxf7 Rxf7 38. Re6 Rd7 39. Rxh6+ Kg8 40.
Rh4 c5 41. Be3 1/2-1/2

[Event "N֖ Landesliga 2015/16"]
[Site "?"]
[Date "2016.02.28"]
[Round "9.3"]
[White "Popelka, Oldrich"]
[Black "Brandstaetter, Friedrich"]
[Result "0-1"]
[WhiteElo "2138"]
[BlackElo "2107"]
[PlyCount "106"]
[EventDate "2015.09.27"]

1. c4 e5 2. Nc3 Nc6 3. e3 g6 4. a3 Bg7 5. b4 Nf6 6. Bb2 d5 7. cxd5 Nxd5 8. Qc2
O-O 9. Nf3 Re8 10. Nxd5 Qxd5 11. Bc4 Qd8 12. Bb5 Bd7 13. O-O Nxb4 14. axb4 Bxb5
15. Rfc1 Bc6 16. Qc3 a6 17. Ra5 Bxf3 18. gxf3 c6 19. f4 f6 20. Qc4+ Kh8 21.
fxe5 fxe5 22. Qe4 Qxd2 23. Rc2 Qd1+ 24. Kg2 Qd6 25. Rac5 Rad8 26. h4 Qd3 27.
Qg4 Rd7 28. R2c4 Qf5 29. Qg3 Rd2 30. Bc3 Ra2 31. Ra5 Rxa5 32. bxa5 Qe6 33. Rg4
e4 34. Bxg7+ Kxg7 35. h5 Rf8 36. hxg6 hxg6 37. Qh4 Re8 38. Qg5 Qf6 39. Rg3 Qxg5
40. Rxg5 Kf6 41. Rc5 Re5 42. Rc4 Rxa5 43. Rxe4 Re5 44. Ra4 c5 45. e4 Re6 46.
Rc4 Rc6 47. f4 b5 48. Rc1 c4 49. Kf3 c3 50. e5+ Kf7 51. Ke4 b4 52. Kd5 Rc8 53.
e6+ Kf6 0-1

[Event "N֖ Landesliga 2015/16"]
[Site "?"]
[Date "2016.02.28"]
[Round "9.4"]
[White "Ehs, Dominik"]
[Black "Blatny, Pavel"]
[Result "0-1"]
[WhiteElo "2061"]
[BlackElo "2397"]
[PlyCount "50"]
[EventDate "2015.09.27"]

1. e4 b6 2. d4 Bb7 3. Bd3 e6 4. Nf3 d6 5. O-O Nd7 6. Bg5 Ne7 7. Nbd2 h6 8. Bh4
g5 9. Bg3 Bg7 10. e5 g4 11. exd6 cxd6 12. Ne1 Bxd4 13. Bxd6 Bxb2 14. Rb1 Bf6
15. Qxg4 Rg8 16. Qa4 Nd5 17. Ne4 Nc3 18. Nxc3 Bxc3 19. Be4 Qh4 20. f3 b5 21.
Qxb5 Bxe4 22. Qc4 Bxe1 23. Rfxe1 Rxg2+ 24. Kxg2 Bxf3+ 25. Kxf3 Qxc4 0-1

[Event "N֖ Landesliga 2015/16"]
[Site "?"]
[Date "2016.02.28"]
[Round "9.4"]
[White "Zwettler, Martin"]
[Black "Steiner, Heinz"]
[Result "1-0"]
[WhiteElo "2272"]
[BlackElo "2125"]
[PlyCount "73"]
[EventDate "2015.09.27"]

1. c4 c5 2. g3 Nc6 3. Bg2 g6 4. Nc3 Bg7 5. Nf3 e5 6. O-O Nge7 7. a3 O-O 8. Rb1
a5 9. Ne1 d6 10. Nc2 Be6 11. Ne3 f5 12. Ned5 Kh8 13. d3 h6 14. Bd2 Rb8 15. b4
axb4 16. axb4 b6 17. e3 g5 18. b5 Na5 19. Nxe7 Qxe7 20. Nd5 Bxd5 21. Bxd5 Nb7
22. Ra1 Nd8 23. Ra6 Ne6 24. Qh5 Qf6 25. Ra7 f4 26. Rd7 Rbd8 27. Rb7 Rb8 28.
Rxb8 Rxb8 29. Kg2 Rf8 30. Qg4 fxe3 31. Bxe3 Nd4 32. Bxd4 exd4 33. Be4 Qe7 34.
Ra1 Be5 35. Ra6 Qf6 36. f3 Qd8 37. Qe6 1-0

[Event "N֖ Landesliga 2015/16"]
[Site "?"]
[Date "2016.02.28"]
[Round "9.4"]
[White "Eder, Andreas"]
[Black "Lipp, Alfred"]
[Result "1-0"]
[WhiteElo "2028"]
[BlackElo "2156"]
[PlyCount "103"]
[EventDate "2015.09.27"]

1. d4 d5 2. Bf4 e6 3. e3 c5 4. c3 Nc6 5. Nf3 Bd6 6. Bxd6 Qxd6 7. Bd3 Nf6 8.
Nbd2 O-O 9. O-O Rd8 10. Qe2 e5 11. dxe5 Nxe5 12. Nxe5 Qxe5 13. Rfe1 Bf5 14.
Bxf5 Qxf5 15. Qb5 b6 16. a4 Rd6 17. Rad1 Rad8 18. Nf3 h6 19. a5 Ne4 20. Qe2 g5
21. Nd2 g4 22. Nxe4 dxe4 23. Rxd6 Rxd6 24. Rd1 Rd3 25. axb6 axb6 26. Kf1 c4 27.
Ra1 h5 28. Rd1 h4 29. Kg1 b5 30. Ra1 Qd7 31. Qe1 h3 32. gxh3 Rd2 33. h4 Kg7 34.
Kg2 Rxb2 35. Rd1 Qf5 36. Rd2 Rb3 37. Ra2 Qf3+ 38. Kg1 Kg6 39. Re2 Qf6 40. Rc2
Qxh4 41. Qd1 Qh3 42. Qd6+ f6 43. Rc1 Qf3 44. Qe6 Qf5 45. Qg8+ Kh6 46. Qh8+ Kg5
47. Qg8+ Qg6 48. Qd5+ Kh4 49. Qd6 Rb2 50. Qf4 Rd2 51. Ra1 b4 52. Ra5 1-0

[Event "N֖ Landesliga 2015/16"]
[Site "?"]
[Date "2016.02.28"]
[Round "9.4"]
[White "Fiala, Vaclav"]
[Black "Ehs, Christian"]
[Result "1-0"]
[WhiteElo "2241"]
[BlackElo "2004"]
[PlyCount "91"]
[EventDate "2015.09.27"]

1. e4 e5 2. f4 d5 3. exd5 exf4 4. Nf3 Nf6 5. Nc3 Nxd5 6. Nxd5 Qxd5 7. d4 Bd6 8.
c4 Qe4+ 9. Kf2 Bf5 10. c5 Be7 11. Bb5+ c6 12. Re1 Qc2+ 13. Qxc2 Bxc2 14. Bc4
Bg6 15. Bxf4 Kd8 16. Bc7+ Kxc7 17. Rxe7+ Nd7 18. Ne5 Rad8 19. Nxg6 fxg6 20.
Rae1 Kb8 21. Ke3 Rhf8 22. Rf1 Rxf1 23. Bxf1 Nf6 24. Bc4 Re8 25. Rxe8+ Nxe8 26.
g4 h6 27. Kf4 Nf6 28. Bf7 g5+ 29. Kf5 Kc7 30. h3 Kd7 31. Kg6 Ke7 32. Kxg7 Ne4
33. Bc4 Nf2 34. Bf1 Nd1 35. b4 Ne3 36. Bd3 Nd5 37. b5 Nf4 38. bxc6 bxc6 39. Be4
Ne6+ 40. Kxh6 Kf6 41. Bxc6 Nxd4 42. Bd7 Nf3 43. c6 Ke7 44. Bf5 Kd6 45. Be4 Ng1
46. Bg2 1-0

[Event "N֖ Landesliga 2015/16"]
[Site "?"]
[Date "2016.02.28"]
[Round "9.5"]
[White "Matt, Fabian"]
[Black "Jovanovic, Dusan"]
[Result "0-1"]
[WhiteElo "2258"]
[BlackElo "2373"]
[PlyCount "58"]
[EventDate "2015.09.27"]

1. e4 e5 2. Nf3 Nc6 3. d4 exd4 4. Bc4 Nf6 5. e5 d5 6. Bb5 Ne4 7. Nxd4 Be7 8.
Bxc6+ bxc6 9. O-O Bc5 10. f3 Ng5 11. f4 Ne4 12. Be3 Qh4 13. Nd2 Nxd2 14. Qxd2
Bb6 15. a4 a5 16. Nb3 O-O 17. Rae1 Re8 18. Bxb6 cxb6 19. f5 c5 20. Qxd5 Bxf5
21. g3 Qh3 22. Nd2 Rad8 23. Qc6 Bxc2 24. Qf3 Qe6 25. Qc3 Bxa4 26. Ne4 Bc6 27.
Rf4 Rd4 28. Qc2 Qd5 29. Rg4 Kf8 0-1

[Event "N֖ Landesliga 2015/16"]
[Site "?"]
[Date "2016.02.28"]
[Round "9.5"]
[White "Juhasz, Kristof"]
[Black "Wetscherek, Gerhard"]
[Result "1-0"]
[WhiteElo "2354"]
[BlackElo "2108"]
[PlyCount "57"]
[EventDate "2015.09.27"]

1. d4 Nf6 2. c4 e5 3. dxe5 Ng4 4. Nf3 Nc6 5. Bf4 Bb4+ 6. Nbd2 Qe7 7. e3 Ngxe5
8. Nxe5 Nxe5 9. Be2 b6 10. O-O Bxd2 11. Qxd2 Bb7 12. Rfd1 d6 13. Qc3 O-O 14. c5
Rfd8 15. cxd6 cxd6 16. Qa3 h6 17. Rac1 a6 18. Bg3 b5 19. Qb4 Rac8 20. a4 Rxc1
21. Rxc1 Nc6 22. Qf4 g5 23. Qg4 bxa4 24. Qxa4 Ne5 25. h4 Rc8 26. Rxc8+ Bxc8 27.
hxg5 hxg5 28. Bxa6 Bxa6 29. Qxa6 1-0

[Event "N֖ Landesliga 2015/16"]
[Site "?"]
[Date "2016.02.28"]
[Round "9.5"]
[White "Reinwald, Patrick"]
[Black "Grimm, Daniel"]
[Result "0-1"]
[WhiteElo "2231"]
[BlackElo "2319"]
[PlyCount "40"]
[EventDate "2015.09.27"]

1. e4 Nf6 2. e5 Nd5 3. d4 d6 4. c4 Nb6 5. exd6 cxd6 6. Nc3 g6 7. Be3 Bg7 8. Rc1
O-O 9. Be2 Bf5 10. b3 d5 11. Bf3 Nc6 12. c5 e5 13. cxb6 exd4 14. Nxd5 dxe3 15.
Nxe3 Qxb6 16. Nxf5 Rad8 17. Qe2 gxf5 18. Bxc6 bxc6 19. Qc2 Rfe8+ 20. Ne2 Qb4+
0-1

[Event "N֖ Landesliga 2015/16"]
[Site "?"]
[Date "2016.02.28"]
[Round "9.5"]
[White "Lechner, Daniel"]
[Black "Pammer, Andreas"]
[Result "0-1"]
[WhiteElo "2232"]
[BlackElo "2102"]
[PlyCount "45"]
[EventDate "2015.09.27"]

1. d4 Nf6 2. c4 d5 3. cxd5 Nxd5 4. Nf3 g6 5. e4 Nb6 6. h3 Bg7 7. Nc3 O-O 8. Be2
Nc6 9. Be3 Na5 10. O-O Nac4 11. Bg5 h6 12. Bc1 Kh7 13. b3 Na5 14. Qd2 Nc6 15.
Rd1 a6 16. d5 Nb8 17. Ba3 c6 18. Qe3 cxd5 19. exd5 Re8 20. Rac1 N8d7 21. Ne4
Nf6 22. Nxf6+ exf6 23. Be7 0-1

[Event "N֖ Landesliga 2015/16"]
[Site "?"]
[Date "2016.03.13"]
[Round "10.1"]
[White "Jovanovic, Dusan"]
[Black "Menezes, Christoph"]
[Result "1-0"]
[WhiteElo "2373"]
[BlackElo "2291"]
[PlyCount "97"]
[EventDate "2015.09.27"]

1. Nf3 Nf6 2. b3 g6 3. Bb2 Bg7 4. g3 b6 5. Bg2 Bb7 6. O-O O-O 7. c4 c5 8. d3 d6
9. Nbd2 Nc6 10. a3 Qd7 11. Rb1 d5 12. b4 d4 13. Nb3 Qd6 14. Bc1 cxb4 15. axb4
Nxb4 16. Nbxd4 Nc6 17. Nb5 Qd7 18. Bb2 Rfd8 19. Qb3 Ne8 20. Rfc1 Rab8 21. Bxg7
Nxg7 22. Ra1 Ne6 23. Qb2 Ra8 24. Rcb1 a5 25. Ne5 Nxe5 26. Qxe5 Bxg2 27. Kxg2
Qc6+ 28. f3 Rd7 29. Nc3 Nc7 30. Qe4 Qxe4 31. fxe4 Rd6 32. Na4 Ra6 33. c5 bxc5
34. Rb8+ Kg7 35. Nxc5 Rac6 36. Rxa5 Ne6 37. e5 Rd4 38. Nxe6+ Rxe6 39. Rb3 Rd7
40. h4 f6 41. exf6+ exf6 42. Ra2 f5 43. Rb4 Kh6 44. Kf3 Kh5 45. Rd2 h6 46. Rb5
Rde7 47. e4 Re5 48. Rxe5 Rxe5 49. Kf4 1-0

[Event "N֖ Landesliga 2015/16"]
[Site "?"]
[Date "2016.03.13"]
[Round "10.1"]
[White "Knoll, Hermann"]
[Black "Plachetka, Jan"]
[Result "1/2-1/2"]
[WhiteElo "2309"]
[BlackElo "2371"]
[PlyCount "48"]
[EventDate "2015.09.27"]

1. d4 Nf6 2. Nf3 e6 3. c4 d5 4. Nc3 Nbd7 5. Bf4 Bb4 6. e3 c5 7. dxc5 Qa5 8. Be2
Bxc3+ 9. bxc3 Qxc3+ 10. Nd2 Ne4 11. Rc1 Qa5 12. f3 e5 13. fxe4 exf4 14. O-O
Qxc5 15. cxd5 Qxe3+ 16. Kh1 O-O 17. Rf3 Qd4 18. Rxf4 Ne5 19. Nc4 Qxd1+ 20. Rxd1
Re8 21. Nd6 Rd8 22. Nc4 Re8 23. Nd6 Rd8 24. Nc4 Re8 1/2-1/2

[Event "N֖ Landesliga 2015/16"]
[Site "?"]
[Date "2016.03.13"]
[Round "10.1"]
[White "Grimm, Daniel"]
[Black "Mostbauer, Florian"]
[Result "1/2-1/2"]
[WhiteElo "2319"]
[BlackElo "2200"]
[PlyCount "92"]
[EventDate "2015.09.27"]

1. e4 c6 2. d4 d5 3. exd5 cxd5 4. c4 Nf6 5. Nc3 Nc6 6. Bg5 dxc4 7. Bxc4 Qxd4 8.
Qxd4 Nxd4 9. O-O-O e5 10. f4 Bg4 11. Nf3 Bxf3 12. gxf3 Rc8 13. fxe5 Rxc4 14.
exf6 Ne6 15. Rhe1 g6 16. Kb1 h6 17. Be3 Bb4 18. Ne4 Rxe4 19. fxe4 Bxe1 20. Rxe1
a6 21. Rd1 g5 22. b3 Rg8 23. Kc2 Rg6 24. e5 g4 25. Rg1 h5 26. Kd3 h4 27. Ke4 g3
28. hxg3 hxg3 29. Kf3 g2 30. Rxg2 Rxg2 31. Kxg2 Kd7 32. Kf3 Kc6 33. Ke4 Nf8 34.
Bh6 Ne6 35. Be3 Nf8 36. a4 Ne6 37. b4 b5 38. a5 Nf8 39. Bd2 Ne6 40. Bh6 Nc7 41.
Bf8 Ne6 42. Be7 Ng5+ 43. Kf5 Ne6 44. Ke4 Ng5+ 45. Kf5 Ne6 46. Ke4 Ng5+ 1/2-1/2

[Event "N֖ Landesliga 2015/16"]
[Site "?"]
[Date "2016.03.13"]
[Round "10.1"]
[White "Steiner, Heinz"]
[Black "Lampl, Gerald"]
[Result "1-0"]
[WhiteElo "2125"]
[BlackElo "2118"]
[PlyCount "123"]
[EventDate "2015.09.27"]

1. c4 Nf6 2. Nc3 e6 3. d4 Bb4 4. e3 b6 5. Nge2 Ne4 6. Qc2 Nxc3 7. Nxc3 O-O 8.
a3 Be7 9. Bd3 h6 10. O-O c6 11. e4 c5 12. d5 e5 13. f4 d6 14. Be3 Nd7 15. f5 a6
16. Qd2 Nf6 17. h3 Rb8 18. a4 Bd7 19. Qe2 Ne8 20. Rfb1 Bg5 21. Bf2 Nc7 22. b4
Qe7 23. g3 a5 24. bxa5 bxa5 25. Nb5 Na6 26. h4 Bf6 27. Kg2 Nb4 28. Rh1 g6 29.
g4 gxf5 30. gxf5 Kh7 31. Kh3 Rg8 32. Rag1 Bxb5 33. cxb5 Rbc8 34. Bc4 Rxg1 35.
Rxg1 Rg8 36. Rxg8 Kxg8 37. Qh5 Qf8 38. Be3 Bg7 39. Qg4 Kh7 40. f6 Bxf6 41. Qf5+
Kg7 42. Bxh6+ Kxh6 43. Qxf6+ Kh7 44. b6 Nc2 45. Be2 Ne3 46. Bh5 Qc8+ 47. Kg3
Qg8+ 48. Kf3 Qg2+ 49. Kxe3 Qg1+ 50. Qf2 Qc1+ 51. Kf3 Qf4+ 52. Kg2 Qxe4+ 53. Qf3
Qc2+ 54. Kg3 f5 55. Be8 f4+ 56. Kg4 Qb1 57. Kg5 Kg7 58. Qh5 Qg1+ 59. Kf5 Qb1+
60. Ke6 Qxb6 61. Qg6+ Kh8 62. Qh6+ 1-0

[Event "N֖ Landesliga 2015/16"]
[Site "?"]
[Date "2016.03.13"]
[Round "10.2"]
[White "Blatny, Pavel"]
[Black "Heimberger, Reinhard"]
[Result "0-1"]
[WhiteElo "2397"]
[BlackElo "2258"]
[PlyCount "62"]
[EventDate "2015.09.27"]

1. b3 c5 2. e4 Nc6 3. Bb2 d6 4. f4 e6 5. g3 Nf6 6. Bg2 g6 7. Nf3 Bg7 8. Qe2 O-O
9. O-O d5 10. e5 Nd7 11. g4 Nb4 12. d4 b6 13. Qf2 Ba6 14. Rd1 f5 15. gxf5 Rxf5
16. a3 Nc6 17. Bh3 Rxf4 18. Bxe6+ Kh8 19. Bxd5 Nxd4 20. Bxd4 cxd4 21. Qg3 Nxe5
22. Qxf4 Qxd5 23. Nh4 Bb7 24. Nc3 Qh1+ 25. Kf2 Qc6 26. Qxd4 Rf8+ 27. Ke3 Ba6
28. Nd5 Bh6+ 29. Ke4 Qxc2+ 30. Kxe5 Bg7+ 31. Kd6 Bxd4 0-1

[Event "N֖ Landesliga 2015/16"]
[Site "?"]
[Date "2016.03.13"]
[Round "10.2"]
[White "Kranzl, Peter"]
[Black "Buchnicek, Petr"]
[Result "0-1"]
[WhiteElo "2206"]
[BlackElo "2307"]
[PlyCount "74"]
[EventDate "2015.09.27"]

1. e4 d5 2. exd5 Nf6 3. d4 Nxd5 4. Nf3 g6 5. g3 Bg7 6. Bg2 O-O 7. O-O Nc6 8. c3
Bg4 9. h3 Bxf3 10. Bxf3 e6 11. Na3 Qd7 12. h4 a6 13. Nc2 Rad8 14. Bg5 f6 15.
Bc1 e5 16. dxe5 Nxe5 17. Qxd5+ Qxd5 18. Bxd5+ Rxd5 19. Bf4 Nd3 20. Bxc7 Rc8 21.
Bb6 Nxb2 22. Rab1 Na4 23. Ne3 Rd6 24. Bd4 b5 25. Rfd1 Bf8 26. Rb3 f5 27. Kf1
Bh6 28. f4 Rcd8 29. Ke2 Bf8 30. h5 R6d7 31. hxg6 hxg6 32. Rh1 Bg7 33. Bxg7 Rd2+
34. Kf3 Kxg7 35. c4 Nc5 36. Ra3 Ne4 37. Rf1 Rh2 0-1

[Event "N֖ Landesliga 2015/16"]
[Site "?"]
[Date "2016.03.13"]
[Round "10.2"]
[White "Zwettler, Martin"]
[Black "Danner, Lambert"]
[Result "1/2-1/2"]
[WhiteElo "2272"]
[BlackElo "2110"]
[PlyCount "37"]
[EventDate "2015.09.27"]

1. d4 d5 2. Nf3 Nf6 3. e3 e6 4. Bd3 c5 5. b3 Qc7 6. c4 Nc6 7. O-O Be7 8. Bb2
cxd4 9. exd4 O-O 10. Nbd2 dxc4 11. bxc4 b6 12. Rc1 Bb7 13. Qe2 Rad8 14. Rfd1
Rfe8 15. Bb1 Qf4 16. Qe3 Qxe3 17. fxe3 Bd6 18. Nb3 e5 19. Re1 1/2-1/2

[Event "N֖ Landesliga 2015/16"]
[Site "?"]
[Date "2016.03.13"]
[Round "10.2"]
[White "Neumann, Christian"]
[Black "Lipp, Alfred"]
[Result "0-1"]
[WhiteElo "1997"]
[BlackElo "2156"]
[PlyCount "134"]
[EventDate "2015.09.27"]

1. e4 c5 2. Nf3 d6 3. d4 cxd4 4. Nxd4 Nf6 5. Nc3 g6 6. Be2 Bg7 7. Be3 O-O 8.
O-O Nc6 9. h3 Nxd4 10. Bxd4 Be6 11. a4 Qa5 12. Qd3 Rfc8 13. Qb5 Qc7 14. Rfd1 a6
15. Qd3 Qa5 16. f4 Bc4 17. Qd2 Bxe2 18. Qxe2 Qb4 19. e5 dxe5 20. fxe5 Nd7 21.
Ra3 Qc4 22. Qe4 Nc5 23. Qe3 Ne6 24. Bb6 Kf8 25. a5 Qf4 26. Rd7 Qxe3+ 27. Bxe3
Rc7 28. Rxc7 Nxc7 29. Rb3 Bxe5 30. Rxb7 Ke8 31. Na4 Rd8 32. c4 Rd1+ 33. Kf2 Kd7
34. Nc5+ Kc8 35. Rb6 Rd6 36. Ke2 f5 37. Nd3 Bf6 38. c5 Re6 39. Nf4 Re4 40. Kd3
g5 41. Ne2 Nd5 42. Bg1 Nxb6 43. axb6 Bxb2 44. Ng3 Re5 45. c6 e6 46. b7+ Kb8 47.
Kc4 f4 48. Bc5 Rxc5+ 49. Kxc5 Kc7 50. Ne4 Ba3+ 51. Kd4 Bb2+ 52. Kc5 h6 53.
b8=Q+ Kxb8 54. Kb6 Bd4+ 55. Kxa6 Kc7 56. Kb5 Be5 57. Nc5 Kd6 58. Nb7+ Kd5 59.
Na5 Bc7 60. Nb3 e5 61. Nc5 e4 62. Na6 Bd6 63. Nc5 e3 64. Nd3 Bc7 65. Nc5 e2 66.
Nd3 h5 67. Nb4+ Ke4 0-1

[Event "N֖ Landesliga 2015/16"]
[Site "?"]
[Date "2016.03.13"]
[Round "10.3"]
[White "Wagner, Stefan"]
[Black "Sandh�fner, Florian"]
[Result "1/2-1/2"]
[WhiteElo "2147"]
[BlackElo "2301"]
[PlyCount "30"]
[EventDate "2015.09.27"]

1. c4 Nf6 2. g3 c6 3. Bg2 d5 4. cxd5 cxd5 5. Nf3 Nc6 6. d4 Bf5 7. Nc3 e6 8. O-O
h6 9. Qb3 Rb8 10. Bf4 Bd6 11. Rfc1 O-O 12. Bxd6 Qxd6 13. h3 Rfc8 14. Na4 Na5
15. Qd1 Qb4 1/2-1/2

[Event "N֖ Landesliga 2015/16"]
[Site "?"]
[Date "2016.03.13"]
[Round "10.3"]
[White "Rumpl, Erwin"]
[Black "Khalakhan, Jurij"]
[Result "1-0"]
[WhiteElo "2351"]
[BlackElo "2236"]
[PlyCount "135"]
[EventDate "2015.09.27"]

1. c4 g6 2. g3 Bg7 3. Bg2 d6 4. Nc3 f5 5. e3 Nf6 6. Nge2 c6 7. b3 O-O 8. Bb2 e5
9. O-O Qe8 10. f4 Na6 11. Ba3 c5 12. Nd5 Rb8 13. Nxf6+ Bxf6 14. Nc3 Bd7 15. Nd5
Bg7 16. Bb2 b5 17. d3 Kh8 18. Qd2 Bc6 19. Bc3 Qd7 20. Rae1 Rbe8 21. fxe5 dxe5
22. e4 Nc7 23. Bh3 Bxd5 24. cxd5 Qd6 25. Ba5 fxe4 26. dxe4 Na6 27. Bc3 c4 28.
b4 Nc7 29. Rxf8+ Rxf8 30. Rf1 Ne8 31. Rxf8+ Qxf8 32. Qe3 Nd6 33. Bg2 Qe7 34.
Kf1 Bf6 35. Bd2 Kg7 36. Ke2 Qd7 37. Qh6+ Kg8 38. Bh3 Qd8 39. Be6+ Kh8 40. Qe3
Qe7 41. Qf3 Kg7 42. h4 h6 43. Qe3 g5 44. h5 Qc7 45. Kf3 Bd8 46. Bc3 Bf6 47. g4
Qb6 48. Qc1 Qc7 49. Qg1 Kf8 50. Qa1 Ne8 51. Bf5 Qe7 52. Qg1 Qb7 53. Bg6 Nd6 54.
Qa1 Qe7 55. Kg3 Kg7 56. Bd2 Qc7 57. Be3 a5 58. a3 Nb7 59. Qc3 a4 60. Kf3 Kf8
61. Ke2 Kg7 62. Kd2 Nd6 63. Bc5 Nb7 64. Bf2 Kf8 65. Qf3 Ke7 66. Kc3 Qd6 67. Qe3
Qc7 68. Qa7 1-0

[Event "N֖ Landesliga 2015/16"]
[Site "?"]
[Date "2016.03.13"]
[Round "10.3"]
[White "Bauer, Thomas"]
[Black "Wadsack, Wolfgang"]
[Result "1/2-1/2"]
[WhiteElo "2010"]
[BlackElo "2153"]
[PlyCount "81"]
[EventDate "2015.09.27"]

1. e4 d5 2. exd5 Nf6 3. d4 Nxd5 4. Nf3 Bg4 5. c4 Nb6 6. c5 N6d7 7. Qb3 Bxf3 8.
Qxf3 Nc6 9. Bc4 e6 10. Be3 Qf6 11. Qxf6 Nxf6 12. Nc3 O-O-O 13. O-O-O Nb4 14.
Nb5 a6 15. Na3 h6 16. Bf4 Nc6 17. Nc2 g6 18. Rhe1 Bg7 19. a3 Nd5 20. Bg3 h5 21.
Re4 Rd7 22. Kb1 Nf6 23. Re3 Rhd8 24. Red3 Ne4 25. d5 exd5 26. Rxd5 Rxd5 27.
Bxd5 Nxc5 28. Ne3 Ne6 29. Rc1 Kd7 30. Nc4 g5 31. h4 gxh4 32. Bxh4 Re8 33. Bf3
f5 34. Ne3 Ncd4 35. Rd1 Kc8 36. Nd5 Nxf3 37. gxf3 Nd4 38. Rg1 Bh6 39. Rg6 Nxf3
40. Rxh6 Nxh4 41. Rxh5 1/2-1/2

[Event "N֖ Landesliga 2015/16"]
[Site "?"]
[Date "2016.03.13"]
[Round "10.3"]
[White "Wadsack, Winfried"]
[Black "Plasil, Jiri"]
[Result "1-0"]
[WhiteElo "2137"]
[BlackElo "2118"]
[PlyCount "99"]
[EventDate "2015.09.27"]

1. e4 d5 2. exd5 Qxd5 3. Nc3 Qa5 4. d4 Nf6 5. Nf3 Bg4 6. h3 Bxf3 7. Qxf3 c6 8.
Bd2 Qb6 9. d5 Nxd5 10. Nxd5 cxd5 11. Qxd5 Nc6 12. Bb5 Rc8 13. Be3 Qc7 14. O-O-O
e6 15. Bxc6+ bxc6 16. Qd4 c5 17. Qc3 Rd8 18. g3 Rxd1+ 19. Rxd1 f6 20. Qb3 Kf7
21. Qb5 Bd6 22. Qd3 Ke7 23. c4 g6 24. f4 Rd8 25. Qe4 Kf7 26. Rd3 Be7 27. Rxd8
Qxd8 28. Bd2 f5 29. Qe3 Qd6 30. Bc3 Bf6 31. Be5 Qc6 32. h4 Bxe5 33. fxe5 Qc7
34. a3 a5 35. Kc2 Qc6 36. Qd3 Ke7 37. Kc3 Qb6 38. b3 Qc7 39. Qe3 Kd7 40. b4
axb4+ 41. axb4 cxb4+ 42. Kxb4 Qb7+ 43. Kc3 Kc7 44. Qc5+ Qc6 45. Qe7+ Qd7 46.
Qf8 Qc6 47. Qf7+ Qd7 48. Qg8 Kc6 49. Qb8 Qc7 50. Qb5# 1-0

[Event "N֖ Landesliga 2015/16"]
[Site "?"]
[Date "2016.03.13"]
[Round "10.4"]
[White "Lendwai, Reinhard"]
[Black "Gasa, Andrej"]
[Result "1/2-1/2"]
[WhiteElo "2359"]
[BlackElo "2298"]
[PlyCount "33"]
[EventDate "2015.09.27"]

1. c4 e5 2. Nc3 Nf6 3. Nf3 d6 4. g3 c6 5. Bg2 Be7 6. O-O O-O 7. d3 h6 8. Rb1
Be6 9. b4 Nbd7 10. b5 c5 11. Ne1 Qc8 12. Nc2 Nb6 13. Re1 d5 14. cxd5 Nbxd5 15.
Bb2 Qc7 16. Na3 Nxc3 17. Bxc3 1/2-1/2

[Event "N֖ Landesliga 2015/16"]
[Site "?"]
[Date "2016.03.13"]
[Round "10.4"]
[White "Hofmann, Thomas"]
[Black "Rudolf, Herbert"]
[Result "0-1"]
[WhiteElo "2223"]
[BlackElo "2117"]
[PlyCount "108"]
[EventDate "2015.09.27"]

1. e4 c5 2. Nf3 d6 3. d4 cxd4 4. Qxd4 Bd7 5. Bg5 Nc6 6. Qd2 h6 7. Bh4 g5 8. Bg3
Bg7 9. c3 Nf6 10. Bd3 Nh5 11. Na3 Rc8 12. Nc2 Nxg3 13. hxg3 g4 14. Nfd4 Nxd4
15. Nxd4 Qa5 16. f4 h5 17. Ke2 e6 18. a4 Bxd4 19. cxd4 Qxd2+ 20. Kxd2 Ke7 21.
b4 f6 22. b5 Be8 23. Rac1 Bf7 24. e5 d5 25. exf6+ Kxf6 26. Rce1 Rce8 27. Re5
Bg6 28. Bxg6 Kxg6 29. Rg5+ Kf6 30. Rgxh5 Rxh5 31. Rxh5 Rc8 32. f5 exf5 33. Rh7
Kg5 34. Rd7 Rc4 35. Rxd5 Rxa4 36. Rd7 b6 37. Rd8 Rb4 38. Rg8+ Kf6 39. Rf8+ Ke6
40. Kc3 Rxb5 41. Kc4 Rb2 42. d5+ Kd6 43. Rxf5 Rxg2 44. Rf6+ Ke7 45. Rg6 Rxg3
46. Rg7+ Kd6 47. Rxa7 Rg1 48. Rg7 b5+ 49. Kxb5 Kxd5 50. Kb4 Ke4 51. Kc3 Kf3 52.
Kd2 g3 53. Kc2 Re1 54. Rf7+ Kg2 0-1

[Event "N֖ Landesliga 2015/16"]
[Site "?"]
[Date "2016.03.13"]
[Round "10.4"]
[White "Juenger, Heinz"]
[Black "Hajek, Oskar"]
[Result "0-1"]
[WhiteElo "2143"]
[BlackElo "2060"]
[PlyCount "102"]
[EventDate "2015.09.27"]

1. d4 Nf6 2. c4 c5 3. d5 e6 4. Nc3 exd5 5. cxd5 d6 6. g3 g6 7. Bg2 Bg7 8. Nf3
O-O 9. O-O a6 10. a4 Re8 11. Nd2 Nbd7 12. h3 Rb8 13. Nc4 Ne5 14. Na3 Nh5 15. e4
Bd7 16. a5 Qxa5 17. g4 Nf6 18. f4 Nexg4 19. hxg4 Nxg4 20. f5 Bd4+ 21. Kh1 Nf2+
22. Rxf2 Bxf2 23. Qf3 Bd4 24. Nc2 Qd8 25. Be3 Qh4+ 26. Qh3 Qxh3+ 27. Bxh3 Bxc3
28. bxc3 Rxe4 29. Kg2 Rbe8 30. Bf2 R4e5 31. c4 Bxf5 32. Bxf5 Rxf5 33. Ne3 Rf4
34. Rb1 b5 35. cxb5 axb5 36. Rxb5 Rb4 37. Ra5 Rb2 38. Kf3 Rb3 39. Ra6 f5 40.
Kf4 Rb2 41. Bg1 Rb4+ 42. Kg5 Kf7 43. Ra7+ Re7 44. Ra6 Kg7 45. Nxf5+ gxf5 46.
Bh2 f4 47. Rxd6 f3 48. Ra6 f2 49. Ra1 Re1 50. Ra7+ Kg8 51. Bd6 Rbe4 0-1

[Event "N֖ Landesliga 2015/16"]
[Site "?"]
[Date "2016.03.13"]
[Round "10.4"]
[White "Teuber, Andreas"]
[Black "Hofegger, Jakob"]
[Result "1-0"]
[WhiteElo "2208"]
[BlackElo "2010"]
[PlyCount "97"]
[EventDate "2015.09.27"]

1. d4 Nf6 2. c4 g6 3. g3 Bg7 4. Bg2 O-O 5. Nf3 d6 6. Nc3 c5 7. d5 Nbd7 8. O-O
a6 9. a4 b6 10. h3 Rb8 11. e4 Ne8 12. Qc2 Nc7 13. Qe2 Ne5 14. Ne1 e6 15. f4 Nd7
16. dxe6 Nxe6 17. Nc2 Nd4 18. Nxd4 cxd4 19. Nd5 Nc5 20. f5 Re8 21. f6 Bf8 22.
b4 Nb3 23. Rb1 Nxc1 24. Rbxc1 Bd7 25. b5 a5 26. Qd2 Qc8 27. Kh2 Qc5 28. Rfd1 h5
29. Qxd4 Bh6 30. Rc3 Be6 31. Ne7+ Kf8 32. Qxd6 Qxd6 33. Rxd6 h4 34. e5 hxg3+
35. Kxg3 Rbd8 36. Rxd8 Rxd8 37. Bd5 Bd2 38. Rc2 Be1+ 39. Kg2 Bd7 40. Bc6 Bf5
41. Nxf5 gxf5 42. c5 bxc5 43. b6 Bb4 44. b7 Kg8 45. Kf3 Kf8 46. Kf4 Kg8 47.
Kxf5 Kf8 48. Bd7 Rb8 49. Bc8 1-0

[Event "N֖ Landesliga 2015/16"]
[Site "?"]
[Date "2016.03.13"]
[Round "10.5"]
[White "Fr�wis, Georg"]
[Black "Gr�tz, Harald"]
[Result "1-0"]
[WhiteElo "2434"]
[BlackElo "2279"]
[PlyCount "55"]
[EventDate "2015.09.27"]

1. Nf3 Nf6 2. g3 g6 3. b3 Bg7 4. Bb2 b6 5. Bg2 Bb7 6. O-O O-O 7. c4 c5 8. d4
cxd4 9. Qxd4 Ne8 10. Qd2 Bxb2 11. Qxb2 d6 12. Nc3 Nf6 13. Rfd1 Nbd7 14. Rd4 Nc5
15. Rh4 Ne6 16. Qd2 Rc8 17. Ng5 Nxg5 18. Bxb7 Rb8 19. Qxg5 Rxb7 20. Qh6 e6 21.
Ne4 Re8 22. Rd1 Nxe4 23. Qxh7+ Kf8 24. Qh6+ Ke7 25. Rxe4 Qb8 26. Qg5+ Kd7 27.
Red4 Rc8 28. Qf6 1-0